{"text_format":"1","workbook":"xlsx","n_sheets":10,"sheets":["1ª MEDIÇÃO","2ª MEDIÇÃO","3ª MEDIÇÃO","4ª MEDIÇÃO","5ª MEDIÇÃO","6ª MEDIÇÃO","7ª MEDIÇÃO","8ª MEDIÇÃO","9ª MEDIÇÃO","PLANILHA SINTÉTICA"],"not_rendered":{"charts":0,"images":2,"macros":1,"external_links":12,"defined_names":1440,"comments":0,"pivot_tables":0},"unopened":[],"bounds":{"document_bytes":16777216,"sheet_cells":100000,"rows_first":2000,"rows_last":500,"rows_between":2000,"halvings":0,"cell_chars":16384,"cell_head_chars":4096},"cells_cut":0,"cells_raw":0,"read":"whole","date_system":"1900"}

{"sheet":"1ª MEDIÇÃO","index":0,"n_rows":4,"n_cols":10,"rows_kept":4,"cut":false,"hidden":true,"merged":[[0,0,0,8],[1,0,1,8],[2,0,2,8]]}
["TRIBUNAL DE JUSTIÇA DE PERNAMBUCO"]
[{"$f":"#REF!","v":{"$error":"#REF!"}}]
["MEMÓRIA DE CALCULO - 1ª MEDIÇÃO"]
["ITEM","DESCRIÇÃO","QUANT.","LARG.","COMP.","ALT.","TAXA","TOTAL","UNID","MEMORIAL FOTOGRÁFICO"]

{"sheet":"2ª MEDIÇÃO","index":1,"n_rows":4,"n_cols":10,"rows_kept":4,"cut":false,"hidden":true,"merged":[[0,0,0,8],[1,0,1,8],[2,0,2,8]]}
["TRIBUNAL DE JUSTIÇA DE PERNAMBUCO"]
[{"$f":"#REF!","v":{"$error":"#REF!"}}]
["MEMÓRIA DE CALCULO - 2ª MEDIÇÃO"]
["ITEM","DESCRIÇÃO","QUANT.","LARG.","COMP.","ALT.","TAXA","TOTAL","UNID","MEMORIAL FOTOGRÁFICO"]

{"sheet":"3ª MEDIÇÃO","index":2,"n_rows":4,"n_cols":10,"rows_kept":4,"cut":false,"hidden":true,"merged":[[0,0,0,8],[1,0,1,8],[2,0,2,8]]}
["TRIBUNAL DE JUSTIÇA DE PERNAMBUCO"]
[{"$f":"#REF!","v":{"$error":"#REF!"}}]
["MEMÓRIA DE CALCULO - 3ª MEDIÇÃO"]
["ITEM","DESCRIÇÃO","QUANT.","LARG.","COMP.","ALT.","TAXA","TOTAL","UNID","MEMORIAL FOTOGRÁFICO"]

{"sheet":"4ª MEDIÇÃO","index":3,"n_rows":4,"n_cols":10,"rows_kept":4,"cut":false,"hidden":true,"merged":[[0,0,0,8],[1,0,1,8],[2,0,2,8]]}
["TRIBUNAL DE JUSTIÇA DE PERNAMBUCO"]
[{"$f":"#REF!","v":{"$error":"#REF!"}}]
["MEMÓRIA DE CALCULO - 4ª MEDIÇÃO"]
["ITEM","DESCRIÇÃO","QUANT.","LARG.","COMP.","ALT.","TAXA","TOTAL","UNID","MEMORIAL FOTOGRÁFICO"]

{"sheet":"5ª MEDIÇÃO","index":4,"n_rows":4,"n_cols":10,"rows_kept":4,"cut":false,"hidden":true,"merged":[[0,0,0,8],[1,0,1,8],[2,0,2,8]]}
["TRIBUNAL DE JUSTIÇA DE PERNAMBUCO"]
[{"$f":"#REF!","v":{"$error":"#REF!"}}]
["MEMÓRIA DE CALCULO - 5ª MEDIÇÃO"]
["ITEM","DESCRIÇÃO","QUANT.","LARG.","COMP.","ALT.","TAXA","TOTAL","UNID","MEMORIAL FOTOGRÁFICO"]

{"sheet":"6ª MEDIÇÃO","index":5,"n_rows":4,"n_cols":10,"rows_kept":4,"cut":false,"hidden":true,"merged":[[0,0,0,8],[1,0,1,8],[2,0,2,8]]}
["TRIBUNAL DE JUSTIÇA DE PERNAMBUCO"]
[{"$f":"#REF!","v":{"$error":"#REF!"}}]
["MEMÓRIA DE CALCULO - 6ª MEDIÇÃO"]
["ITEM","DESCRIÇÃO","QUANT.","LARG.","COMP.","ALT.","TAXA","TOTAL","UNID","MEMORIAL FOTOGRÁFICO"]

{"sheet":"7ª MEDIÇÃO","index":6,"n_rows":4,"n_cols":10,"rows_kept":4,"cut":false,"hidden":true,"merged":[[0,0,0,8],[1,0,1,8],[2,0,2,8]]}
["TRIBUNAL DE JUSTIÇA DE PERNAMBUCO"]
[{"$f":"#REF!","v":{"$error":"#REF!"}}]
["MEMÓRIA DE CALCULO - 7ª MEDIÇÃO"]
["ITEM","DESCRIÇÃO","QUANT.","LARG.","COMP.","ALT.","TAXA","TOTAL","UNID","MEMORIAL FOTOGRÁFICO"]

{"sheet":"8ª MEDIÇÃO","index":7,"n_rows":4,"n_cols":10,"rows_kept":4,"cut":false,"hidden":true,"merged":[[0,0,0,8],[1,0,1,8],[2,0,2,8]]}
["TRIBUNAL DE JUSTIÇA DE PERNAMBUCO"]
[{"$f":"#REF!","v":{"$error":"#REF!"}}]
["MEMÓRIA DE CALCULO - 8ª MEDIÇÃO"]
["ITEM","DESCRIÇÃO","QUANT.","LARG.","COMP.","ALT.","TAXA","TOTAL","UNID","MEMORIAL FOTOGRÁFICO"]

{"sheet":"9ª MEDIÇÃO","index":8,"n_rows":4,"n_cols":10,"rows_kept":4,"cut":false,"hidden":true,"merged":[[0,0,0,8],[1,0,1,8],[2,0,2,8]]}
["TRIBUNAL DE JUSTIÇA DE PERNAMBUCO"]
[{"$f":"#REF!","v":{"$error":"#REF!"}}]
["MEMÓRIA DE CALCULO - 9ª MEDIÇÃO"]
["ITEM","DESCRIÇÃO","QUANT.","LARG.","COMP.","ALT.","TAXA","TOTAL","UNID","MEMORIAL FOTOGRÁFICO"]

{"sheet":"PLANILHA SINTÉTICA","index":9,"n_rows":51,"n_cols":7,"rows_kept":51,"cut":false,"hidden":false,"merged":[[6,5,6,6],[0,7,0,8],[1,7,1,8],[2,7,2,8],[0,0,0,3],[0,5,0,6],[1,0,2,3],[1,5,1,6],[2,5,2,6],[50,0,50,5],[3,7,3,8],[4,7,4,8],[7,5,7,6],[7,4,8,4],[7,0,8,0],[7,2,8,2],[7,3,8,3],[7,1,8,1],[5,7,5,8],[6,7,6,8],[3,0,4,3],[3,5,3,6],[4,5,4,6],[5,0,6,3],[5,5,5,6]]}
["PODER JUDICIÁRIO",null,null,null,"Obra:","EXECUÇÃO DE SERVIÇOS DE INSTALAÇÕES ELÉTRICAS DA COBERTA DO 3ºANDAR E INTRADORSO DO SALÃO DO PLENO NO PRÉDIO DO PALÁCIO DA JUSTIÇA"]
["TRIBUNAL DE JUSTIÇA DE PERNAMBUCO",null,null,null,"Local:","Praça da República, s/n.º, Santo Antônio, Recife/PE. CEP 53010-210."]
[null,null,null,null,"Contrato:","061/2023 - TJPE"]
["DIRETORIA DE ENGENHARIA E ARQUITETURA",null,null,null,"Situação:","Encerrada"]
[null,null,null,null,"Contratada:","JME ENGENHARIA LTDA."]
["QUANTITATIVOS E PREÇOS CONTRATADOS",null,null,null,"Valor Total:",{"$f":"G51","v":108580.85000000002}]
[null,null,null,null,"DATA:","2023-07-26"]
["ITEM","Cód. Efisco","DESCRIÇÃO","UN","QUANT. TOTAL","TOTAL"]
[null,null,null,null,null,"P. UNIT","P. TOTAL"]
["1.0",null,"ADMINISTRAÇÃO LOCAL DA OBRA / ART / MOBILIZAÇÃO"]
["1.1","401010-8","Administração local pelo período da Obra.","un/mês",2,3000,6000]
["1.2","527411 - 7","ART Execução da Obra","unid",1,380,380]
["1.3","429928-0","Mobilização da obra (pessoal, materiais, ferramentas, máquinas e equipamentos).","unid",1,1250,1250]
["2.0",null,"LOCAÇÃO DE MÁQUINAS E EQUIPAMENTOS"]
["2.1","461831-9","Locação  de   andaime  metálico  tubular  tipo  torre,  com  plataforma  metálica,  guarda-corpo metálico, escada, inclusive montagem e desmontagem.","mxmês",10,42.2,422]
["2.2","567098-5","Ponto de energia (monofásico) para trabalho na coberta.","unid",1,585,585]
["2.3","567105-1 ","Ponto de energia (trifásico) para trabalho na coberta.","unid",1,754,754]
["2.4","380248-5","Locação de caçamba estacionária - volume 6,00m³","unid",2,840,1680]
["3.0",null,"SERVIÇOS PRELIMINARES"]
["3.1","574441-5 ","Fornecimento e colocação de tábuas de 1\"x12\" para circulação na coberta.","m",25,72,1800]
["4.0",null,"COBERTA - LADO LESTE / INSTALAÇÕES HIDROSSANITÁRIAS"]
["4.1","203171-0","Colunas de ventilação de PVC, inclusive conexões, fixações e furação no fechamento lateral da Coberta Provisória.","unid",3,1449,4347]
["5.0",null,"COBERTA - LADO OESTE / INSTALAÇÕES HIDROSSANITÁRIAS"]
["5.1","203171-0","Colunas de ventilaçãode PVC, inclusive conexões, fixações e furação no fechamento lateral da Coberta Provisória.","unid",3,1449,4347]
["6.0",null,"COBERTA - LADOS LESTE E OESTE/ INSTALAÇÕES ELÉTRICAS ALIMENTADORES AC"]
["6.1",null,"Infraestrutura:"]
["6.1.1","513519-2","Fonecimento e instalação de Eletroduto rigido 3\", inclusive luvas, abraçadeiras, parafusos e buchas.","m",45,133.18,5993.1]
["6.1.2","401379-4","Fonecimento e instalação de Eletroduto rigido 1\", inclusive luvas, abraçadeiras, parafusos e buchas.","m",90,46.6,4194]
["6.1.3","574497-0","Caixa de Passagem 300x300x150 IP68 Hermética cinza","unid",8,511.52,4092.16]
["6.2",null,"Quadros de comando:"]
["6.2.1","574495-4 ","Quadro   de   bombas,   380/220V,   inclusive   componentes   internos (disjuntores,   contactor, botoeira, comutador, cabos e bornes).","unid",1,10505.25,10505.25]
["6.2.2","574493-8 ","Quadro   de   comando   ares   condicionados   380/220V,   inclusive   componentes   internos (disjuntores e cabos)","unid",1,11762.2,11762.2]
["6.2.3","574494-6 ","Quadro  de  comando  da  sala  da  Presidência  380/220  (localizado  no  3º  andar)  inclusive componentes internos (disjuntores e cabos)","unid",1,8507.7000000000007,8507.7000000000007]
["7.0",null,"INTRADORSO - INSTALAÇÕES ELÉTRICAS"]
["7.1","274269-1","Levantamento e identificação dos circuitos existentes, inclusive elaboração de projeto básico (quadro, tomadas e iluminação).","unid",1,8533,8533]
["7.2",null,"Infraestrutura:"]
["7.2.1","401377-8","Fornecimento e instalação de Eletroduto de 3/4' rigido, inclusive luvas, abraçadeiras, curvas,caixas, parafusos, buchas e demais acessórios","m",90,26.5,2384.1]
["7.2.2","401387-5","Fornecimento e instalação de Eletroduto de 1.1/4' rigido, inclusive luvas, abraçadeiras, curvas, caixas, parafusos, buchas e demais acessórios","m",24,56.48,1355.52]
["7.2.3","574439-3 ","Fornecimento e instalação de luminária tipo plafon plástico de sobrepor 15cm com receptáculo E-27 e lâmpada bulbo LED 20W.","unid",8,67.62,540.96]
["7.2.4","573496-7","Fornecimento  e  instalação  de  tomada  fixada  à parede,  inclusive conjunto  tomada condulete 2P+T.","unid",16,98.77,1580.32]
["7.3",null,"Cabos:"]
["7.3.1","523485-9","Cabo  flexível 1kV de 2,5 mm² preto","m",200,7.27,1453.2]
["7.3.2","523483-2","Cabo  flexível 1kV de 2,5 mm² azul","m",200,7.27,1453.2]
["7.3.3","523484-0","Cabo  flexível 1kV de 2,5 mm² verde","m",100,7.27,726.6]
["7.3.4","340374-2","Cabo  flexível 1kV de 16 mm² preto","m",36,29.09,1047.24]
["7.4",null,"Quadros de comando:"]
["7.4.1","574492-0 ","Quadro   de   embutir   380/220v,   inclusive   componentes   internos   (disjuntores,   cabos   e barramento)","unid",2,10409.799999999999,20819.599999999999]
["8.0",null,"LIMPEZA DA OBRA / DESMOBILIZAÇÃO"]
["8.1","431654-1","Limpeza Geral da Obra","vb",1,975.2,975.2]
["8.2","429929-9","Desmobilização da obra (pessoal, máquinas e equipamentos).","unid",1,1092.5,1092.5]
["TOTAL DA OBRA:",null,null,null,null,null,{"$f":"SUM(G11:G50)","v":108580.85000000002}]